000 00381nam a2200133 i 4500
001 bg
245 0 _aXII Krajowa Konferencja "Teoria obwodów i układy elektroniczne".
_nT. 1,
_pTeksty referatów.
246 _aTeoria obwodów i układy elektroniczne
260 _aRzeszów,
_c1990.
040 _cBPK
041 _apol
942 _cKS
008 s pl f |000 0 pol
999 _c29294
_d29294
856 _uhttp://koha.tu.koszalin.pl/cgi-bin/koha/opac-detail.pl?biblionumber=29294
_yKatalog online BPK